00712nam a2200241Ia 4500003000400000005001700004008004100021020001400062040000700076041000800083082001500091100003200106245002100138260004200159300001600201365001400217650001900231650002200250906002300272942001200295999001900307952014400326OSt20230330143225.0210423s2006 xx 000 0 und d a335218849 cAL aeng a070.1 HESD aHESMONDHALGH (David)980212 aMedia production aNew YorkbOpen University Pressc2006 avii,191bPB b1716cINR aGeneral980213 aMass Media980214 aMedia ; production 2ddccBK c157588d157588 001040708MAJMCaSACPGbSACPGd2009-12-29eIntel Book Distributersg1716.00l0o070.1 HESDpPG004064r2022-08-24 00:00:00w2021-04-26yBK